Riconosci il Pokémon - Quiz n°29 - Statistics

Statistiche generali
  • Questo quiz è stato fatto 20 volte
  • Il punteggio medio è 8 su 10
Statistiche sulle risposte
Indizio Risposta % Corretto
Generazione Sesta
100%
Tipo Folletto
89%
Stadio evoluzione Prima evoluzione
89%
Altezza 0,8 m
83%
Sesso 50% ♂, 50% ♀
78%
Abilità Curacuore; Aromavelo
78%
Peso 15,5 kg
78%
Tasso di cattura 140 (28%)
72%
Tasso di allevamento Medio-Veloce
72%
Pokémon Aromatisse
61%
Nessun quiz corrispondente trovato
Distribuzione punteggi
Percentuale di utenti per punteggio
Percentile per numero di risposta
I tuoi punteggi nel tempo
Non hai fatto questo quiz